|
|
|
|
| LEADER |
01391nam a2200385 a 4500 |
| 001 |
000477368 |
| 003 |
CZ BrMZK |
| 005 |
20171103093710.0 |
| 007 |
ta |
| 008 |
000115s2000 xr e 000 1 cze d |
| 015 |
|
|
|a cnb000964384
|
| 020 |
|
|
|a 80-7243-067-X
|
| 035 |
|
|
|a (OCoLC)45022867
|
| 040 |
|
|
|a BOA001
|b cze
|
| 043 |
|
|
|a e-xr---
|
| 072 |
|
7 |
|a 070
|x Noviny. Tisk. Žurnalistika
|2 Konspekt
|9 12
|
| 080 |
|
|
|a 070.432:654.195.6
|2 MRF
|
| 080 |
|
|
|a 323
|2 MRF
|
| 080 |
|
|
|a 328/329
|2 MRF
|
| 080 |
|
|
|a (437.3)
|2 MRF
|
| 080 |
|
|
|a (081)
|2 MRF
|
| 100 |
1 |
|
|a Ješ, Jiří,
|d 1926-2011
|7 jn19990209311
|4 aut
|
| 245 |
1 |
0 |
|a --hovořil Jiří Ješ.
|n 2,
|p Rozhlasové komentáře 1997-1999 /
|c Jiří Ješ
|
| 246 |
3 |
0 |
|a Rozhlasové komentáře 1997-1999
|
| 250 |
|
|
|a Vyd. 1.
|
| 260 |
|
|
|a Praha :
|b Brána,
|c 2000
|
| 300 |
|
|
|a 220 s. ;
|c 19 cm
|
| 650 |
0 |
7 |
|a rozhlasové komentáře
|7 ph188870
|z Česko
|y 1997-1999
|2 czenas
|
| 651 |
|
7 |
|a Česko
|7 ge128065
|x politika a vláda
|y 20. stol.
|2 czenas
|
| 651 |
|
7 |
|a Česko
|7 ge128065
|x společnost a politika
|y 20. stol.
|2 czenas
|
| 655 |
|
7 |
|a sborníky
|7 fd163935
|2 czenas
|
| 856 |
4 |
1 |
|u http://www.digitalniknihovna.cz/mzk/uuid/uuid:fd22bd90-928b-11e5-ac67-005056827e51
|y Digitalizovaný dokument
|x NDK
|
| 910 |
|
|
|a BOA001
|b 1-1038.218,2
|
| 990 |
|
|
|a BK
|
| 996 |
6 |
|
|b 2610114363
|c 1-1038.218,2
|l MZK
|r Sklad / do 1 hodiny
|n 2
|p p.v.
|w 000477368
|u 000010
|a 1
|e BOA001
|j MZK50
|s P
|